000 00241nam a2200097Ia 4500
001 1196888
005 20250827021815.0
008 250824s9999 xx 000 0 und d
245 0 _aANNEM İÇİN
_cSELİM İLERİ
260 _bEVEREST YAYINLARI
999 _c1196888
_d1196888